000 00340nab a22001097u 4500
008 130520b1988 xxu||||| |||| 00| 0 spa d
041 _aspa
100 1 _aNgindu Mushete, A.
_967200
245 0 0 _aLa figura de Jesús en la teología africana
_cA. Ngindu Mushete
773 0 _tConcilium
_gV.1,1988,págs.239-247
_x0210-1041
_wRev134
942 _cAR
999 _c355381
_d355381